000 004470000a22001690004500
003 MACL
005 20151218141836.0
008 151218b xxu||||| |||| 00| 0 eng d
040 _aMACL
_cMACL
041 _aEnglish
082 _a050/ELI
100 _aDrawin, Charles
_921162
245 _aThe Voyage of the Beagle
_bHarvard Classics Vol 29
260 _bP F Collier & Son
_c1956
650 _aSerial Publication
_9330
942 _cBK
_k050/ELI
_2ddc
999 _c40607
_d40607